Баргузинская Тайга

Detalles Bibliográficos
Autor Principal: Кедров П. П.
Summary:Издание автора
Раздельная пагинация страниц
Текст в русской дореформенной орфографии
Печатать разрешается. 1898 г. июля 21 дня, кр Владивосток. Исправляющий обязанности цензора, за Вице-губернатора Приморской области А. Суханов.
Idioma:ruso
Publicado: Томск, Паровая Типо-Литография П. И. Макушина, 1899
Subjects:
Formato: MixedMaterials Libro
KOHA link:https://koha.lib.tpu.ru/cgi-bin/koha/opac-detail.pl?biblionumber=333457

MARC

LEADER 00000nam0a2200000 4500
001 333457
005 20240301110951.0
035 |a (RuTPU)RU\TPU\book\359452 
090 |a 333457 
100 |a 20170615d1899 m y0rusy50 ca 
101 0 |a rus 
102 |a RU 
105 |a y z 000zy 
181 0 |b  e  
182 0 |a n 
183 0 |a nc  |2 RDAcarrier 
200 1 |a Баргузинская Тайга  |f П. П. Кедров 
210 |a Томск  |c Паровая Типо-Литография П. И. Макушина  |d 1899 
215 |a II, III, 120 с. 
283 |a volume 
300 |a Издание автора 
300 |a Раздельная пагинация страниц 
300 |a Текст в русской дореформенной орфографии 
300 |a Печатать разрешается. 1898 г. июля 21 дня, кр Владивосток. Исправляющий обязанности цензора, за Вице-губернатора Приморской области А. Суханов. 
316 |5 63413507: 3823  |a На переднем форзаце владельческий штамп Библиотеки Томского Технологического Института Императора Николая II 
606 1 |a Путешествия  |2 stltpush  |3 (RuTPU)RU\TPU\subj\53234  |9 71554 
610 1 |a тайга 
610 1 |a заметки 
610 1 |a Баргузин 
610 1 |a Байкал 
610 1 |a таежные зимовья 
610 1 |a прииски 
610 1 |a р. Махтунная 
610 1 |a Средний Витим 
610 1 |a самородки 
610 1 |a золотопромышленники 
675 |a 910.4  |v 4 
700 1 |a Кедров  |b П. П. 
801 1 |a RU  |b 63413507  |c 20170615 
801 2 |a RU  |b 63413507  |c 20171004  |g RCR 
942 |c BK